| 000 | 00000nam 2200000za 4500 |
| 001 | 9.663782 |
| 003 | CaOODSP |
| 005 | 20230503104924 |
| 007 | ta |
| 008 | 150407|2002||||xxc||||| f|0| 0 fre d |
| 020 | |a0-660-61973-3 |
| 040 | |aCaOODSP|bfre |
| 041 | |aeng |
| 041 | |afre |
| 043 | |an-cn--- |
| 086 | 1 |aEn56-173/2002 |
| 110 | 1 |aCanada.|bEnvironnement Canada. |bService canadien des glaces. |
| 245 | 10|aAtlas climatique des glaces de mer : eaux du nord canadien. 1971-2000 |
| 260 | |aOttawa - Ontario : |bEnvironnement Canada. |c2002. |
| 300 | |avii, 48p., illustrations, 200p. : |bgraphiques, cartes ; |c23 cm. |
| 500 | |a«En 2001 l'«Atlas climatique de la glace de mer - Côte est du Canada 1971-2000» le premier du'une série d'atlas de la glace de mer créée à partir de la base de données numériques pour la période climatique de 30 ans allant de 1971 à l'an 2000 était publié. Maintenant, pour le deuxième atlas de cette nouvelle série nous avons choisi de réunir l'Arctique canadien et la Baie d'Hudson dans un seul et même atlas. Nous espérons que ceci facilitera la compréhension des conditions climatiques des glaces pour l'ensemble des Eaux du Nord Canadien.»--Avant-propros. Données de catalogage avant publication (Canada) sont imprimées sur cette publication. N.B.: L'ISBN (0-662-61973-3) imprimé dans cette publication est incorrect. |
| 520 | 3 |aEn 2001 l'Atlas climatique de la glace de mer - Côte est du Canada 1971-2000 le premier du'une série d'atlas de la glace de mer créée à partir de la base de données numériques pour la période climatique de 30 ans allant de 1971 à l'an 2000 était publié. Maintenant, pour le deuxième atlas de cette nouvelle série nous avons choisi de réunir l'Arctique canadien et la Baie d'Hudson dans un seul et même atlas. Nous espérons que ceci facilitera la compréhension des conditions climatiques des glaces pour l'ensemble des Eaux du Nord Canadien.--Avant-propros |
| 546 | |aBilingue |
| 563 | |aReliure à spirale |
| 590 | |a02-18|b2002-05-03 |
| 691 | 07|aMer|2gcpds |
| 691 | 07|aAtlas|2gcpds |
| 691 | 07|aClimat|2gcpds |
| 691 | 07|aGlace|2gcpds |
| 776 | 0#|tSea ice climatic atlas, northern Canadian waters, 1971-2000 = |w(CaOODSP)9.922199 |
| 791 | |tSea ice climatic atlas: northern Canadian waters, 1971-2000 |eeng|w(CaOODSP)9.663781 |